<?xml version="1.0" encoding="UTF-8"?>
<record
    xmlns:xsi="http://www.w3.org/2001/XMLSchema-instance"
    xsi:schemaLocation="http://www.loc.gov/MARC21/slim http://www.loc.gov/standards/marcxml/schema/MARC21slim.xsd"
    xmlns="http://www.loc.gov/MARC21/slim">

  <leader>01756nam a2200241 a 4500</leader>
  <controlfield tag="001">000048800</controlfield>
  <controlfield tag="005">20201002061422.0</controlfield>
  <controlfield tag="008">190412s2015    dr ac         000 0 spa d</controlfield>
  <datafield tag="020" ind1=" " ind2=" ">
    <subfield code="a">9781499372526</subfield>
  </datafield>
  <datafield tag="040" ind1=" " ind2=" ">
    <subfield code="a">DO-SdBNP</subfield>
    <subfield code="b">spa</subfield>
    <subfield code="c">BNPHU</subfield>
  </datafield>
  <datafield tag="082" ind1=" " ind2=" ">
    <subfield code="a">xxxx</subfield>
    <subfield code="b">D542S</subfield>
  </datafield>
  <datafield tag="100" ind1="1" ind2=" ">
    <subfield code="a">D&#xED;az J&#xE1;quez, Leonardo</subfield>
    <subfield code="9">76253</subfield>
  </datafield>
  <datafield tag="245" ind1="1" ind2="4">
    <subfield code="a">Los Saint-Hilaire :</subfield>
    <subfield code="b">de Francia a la l&#xED;nea noroeste /</subfield>
    <subfield code="c">Leonardo D&#xED;az J&#xE1;quez ; pr&#xF3;logo Julio G&#xF3;nzalez.</subfield>
  </datafield>
  <datafield tag="260" ind1=" " ind2=" ">
    <subfield code="a">Santo Domingo :</subfield>
    <subfield code="b">Instituto Dominicano de Genealog&#xED;a,</subfield>
    <subfield code="c">2015.</subfield>
  </datafield>
  <datafield tag="300" ind1=" " ind2=" ">
    <subfield code="a">301 p. :</subfield>
    <subfield code="b">il., retrs. ;</subfield>
    <subfield code="c">28 cm.</subfield>
  </datafield>
  <datafield tag="490" ind1="1" ind2=" ">
    <subfield code="a">Historia Familiar</subfield>
    <subfield code="v">11</subfield>
  </datafield>
  <datafield tag="500" ind1=" " ind2=" ">
    <subfield code="a">&#xCD;ndice onom&#xE1;stico</subfield>
  </datafield>
  <datafield tag="504" ind1=" " ind2=" ">
    <subfield code="a">Bibliograf&#xED;a : p. 269-270</subfield>
  </datafield>
  <datafield tag="505" ind1="0" ind2=" ">
    <subfield code="a">A la memoria --</subfield>
    <subfield code="t">Dedicatorias --</subfield>
    <subfield code="t">Pr&#xF3;logo --</subfield>
    <subfield code="t">Primera Parte: El Apellido Saint-Hilaire En Francia</subfield>
    <subfield code="t">Agradecimientos --</subfield>
    <subfield code="t">Introducci&#xF3;n --</subfield>
    <subfield code="t">Toponimia y genealog&#xED;a --</subfield>
    <subfield code="t">Ethiene Geoffroy Saint-Hilaire --</subfield>
    <subfield code="t">Isidore Geoffroy Saint-Hilaire --</subfield>
    <subfield code="t">August&#xED;n Fran&#xE7;oise C&#xE9;sar Prouven&#xE7;al Saint-Hilaire --</subfield>
    <subfield code="t">Louis-Charles-Vincent Le Blond de Saint -Hilaire --</subfield>
    <subfield code="t">Segunda Parte: El Apellido Saint-Hilaire En St. Domingue Y Sto. Dgo. --</subfield>
    <subfield code="t">Saint Domingue y los apellidos dominicanos de origen franc&#xE9;s --</subfield>
    <subfield code="t">El apellido Saint-Hilaire en la colonia francesa de Saint Domingue --</subfield>
    <subfield code="t">El apellido Saint-Hilaire en Saman&#xE1; y Puerto Plata --</subfield>
    <subfield code="t">Saint-Hilaire en Sabaneta o Santiago Rodr&#xED;guez --</subfield>
    <subfield code="t">Desarrollo de los Saint-Hilaire de Santiago Rodr&#xED;guez --</subfield>
    <subfield code="g">Anexos</subfield>
    <subfield code="t">A: Graf&#xED;cas del apellido Saint*Hilaire --</subfield>
    <subfield code="t">B: C&#xF3;mo leer e interpretar el reporte geneal&#xF3;gico --</subfield>
    <subfield code="t">C: Traducci&#xF3;n t&#xE9;rminos en ingl&#xE9;s --</subfield>
    <subfield code="t">Descendientes de Francisco Saint-Hilaire. Reporte de geneolog&#xED;a --.</subfield>
  </datafield>
  <datafield tag="590" ind1=" " ind2=" ">
    <subfield code="a">Inventariado, 2019/LP</subfield>
  </datafield>
  <datafield tag="700" ind1="1" ind2=" ">
    <subfield code="a">G&#xF3;nzalez, Julio,</subfield>
    <subfield code="e">pr&#xF3;l.</subfield>
    <subfield code="9">22913</subfield>
  </datafield>
  <datafield tag="830" ind1=" " ind2="0">
    <subfield code="a">Historia Familiar;</subfield>
    <subfield code="n">11</subfield>
    <subfield code="9">76254</subfield>
  </datafield>
  <datafield tag="952" ind1=" " ind2=" ">
    <subfield code="0">0</subfield>
    <subfield code="1">0</subfield>
    <subfield code="7">1</subfield>
    <subfield code="8">PD</subfield>
    <subfield code="a">PD</subfield>
    <subfield code="b">PD</subfield>
    <subfield code="c">HD</subfield>
    <subfield code="d">2019-04-12</subfield>
    <subfield code="i">LF1</subfield>
    <subfield code="l">0</subfield>
    <subfield code="o">xxxx D542S</subfield>
    <subfield code="p">48800-10</subfield>
    <subfield code="r">2020-06-25</subfield>
    <subfield code="w">2020-06-25</subfield>
    <subfield code="y">LFPD</subfield>
    <subfield code="Z">No se presta</subfield>
  </datafield>
  <datafield tag="999" ind1=" " ind2=" ">
    <subfield code="c">48288</subfield>
    <subfield code="d">48288</subfield>
  </datafield>
</record>
